000
00330nam a22001457a 4500
003
SGT
020
_a
9789386456687
082
_a
347.05
_b
SIN
100
_a
SINGH AVTAR
245
_a
THE CODE OF CIVIL PROCEDURE
250
_a
5
260
_a
ALLAHABAD
_b
CENTRAL LAW PUBLICATION
_c
2019
300
_a
LII ,608
942
_2
ddc
_c
BK
_0
2
999
_c
23012
_d
23012